Bankový manažment a marketing (vybrané kapitoly)

Salvato in:
Dettagli Bibliografici
Autore principale: Musová, Zdenka
Natura: Libro
Lingua:slovacco
Pubblicazione: Banská Bystrica Univerzita Mateja Bela, Ekonomická fakulta v Banskej Bystrici 2011
Soggetti:
Tags: Aggiungi Tag
Nessun Tag, puoi essere il primo ad aggiungerne!!

MARC

LEADER 00000nam a2200000 4500
001 0145985
005 20230118111312.6
020 |a 978-80-557-0188-2 
041 0 |a slo 
044 |a SK 
245 1 0 |a Bankový manažment a marketing  |b (vybrané kapitoly)  |c Zdenka Musová 
264 1 |a Banská Bystrica  |b Univerzita Mateja Bela, Ekonomická fakulta v Banskej Bystrici  |c 2011 
300 |a 71 s. 
610 2 0 |a banky 
610 2 0 |a riadenie strategické 
610 2 0 |a plánovanie 
610 2 0 |a kultúra podniková 
610 2 0 |a klienti 
610 2 0 |a zákazníci 
610 2 0 |a práca s verejnosťou 
610 2 0 |a správanie 
610 2 0 |a bankovníctvo 
100 1 |a Musová, Zdenka